000 00486nam a2200205Ia 4500
005 20240823031859.0
008 240823s9999||||xx |||||||||||||| ||und||
020 _a978-0-2305-7430-4
041 _aENGLISH
082 _A624.18 Q1
100 _aNeil Jackson
245 0 _aCivil Engineering Marerials
250 _a5th
260 _c2011
_bPal
500 _aTRANSFERED
650 _aCivil Engineering
_bCivil
700 _a Ravindra K Dhir Ed.
942 _cBK
999 _c192120
_d192120